2012 property forecast (Record no. 83734)

MARC details
000 -LEADER
fixed length control field 00858cab a22001935a 4500
001 - CONTROL NUMBER
control field L154882
008 - FIXED-LENGTH DATA ELEMENTS--GENERAL INFORMATION
fixed length control field 120130e20120127xxk 000 0 eng d
035 ## - SYSTEM CONTROL NUMBER
System control number (Sirsi) u154882
041 0# - LANGUAGE CODE
Language code of text/sound track or separate title eng
100 1# - MAIN ENTRY--PERSONAL NAME
Personal name Watson, Stuart
245 00 - TITLE STATEMENT
Title 2012 property forecast
Remainder of title experts look into their crystal balls to reveal what is in store for the industry this year
260 ## - PUBLICATION, DISTRIBUTION, ETC.
Date of publication, distribution, etc. 2012
490 #0 - SERIES STATEMENT
Series statement Property Week
Volume/sequential designation 78(04) Supplement 27 January 2012, (8)
520 ## - SUMMARY, ETC.
Summary, etc. Property predictions for 2012 provided by a panel of experts brought together by Property Week and S J Berwin. Covers investment, the occupier market, bank lending constraints, the political outlook including Europe, Portas review and localism, and the outcome of the London mayoral election.
590 ## - LOCAL NOTE (RLIN)
Local note KA
651 #4 - SUBJECT ADDED ENTRY--GEOGRAPHIC NAME
Geographic name United Kingdom
Chronological subdivision
690 ## - LOCAL SUBJECT ADDED ENTRY--TOPICAL TERM (OCLC, RLIN)
Topical term or geographic name as entry element Commercial property
9 (RLIN) 6227
942 ## - ADDED ENTRY ELEMENTS (KOHA)
Suppress in OPAC 0
Holdings
Withdrawn status Lost status Source of classification or shelving scheme Damaged status Not for loan Home library Current library Shelving location Date acquired Total Checkouts Full call number Barcode Date last seen Copy number Price effective from Koha item type
    Dewey Decimal Classification     London London Journal article 30/01/2012   L154882 154882-1001 06/08/2019 1 06/08/2019 Journal article